000 00635nam a2200133Ia 4500
008 171212s9999 xx 000 0 und d
020 _a9781760460051
100 _aFox, James J.
245 _cFox, James J.
_aMaster poets, ritual masters
_bThe art of oral composition among the Rotenese of Eastern Indonesia
260 _bANU E Press
_c2016
650 _aAnthropology
650 _aFolk poetry, Indonesian -- Indonesia -- Rote Ndao; Oral tradition -- Indonesia -- Rote Ndao; Oral-formulaic analysis; Folk literature, Indonesian -- History and criticism; Rote Ndao (Indonesia) -- Poetry
856 _uhttp://jstor.org/stable/j.ctt1d10h31
999 _c351203
_d351203